Online
Catalog

Aguafuertes norteamericanas / (Record no. 14635)

MARC details
000 -CABECERA
campo de control de longitud fija 00865nam a2200217 a 4500
001 - NÚMERO DE CONTROL
campo de control 000015063
005 - FECHA Y HORA DE LA ÚLTIMA TRANSACCIÓN
campo de control 20200929163937.0
008 - DATOS DE LONGITUD FIJA--INFORMACIÓN GENERAL
campo de control de longitud fija 100129s1976 ag 000 f spa d
040 ## - FUENTE DE LA CATALOGACIÓN
Centro catalogador/agencia de origen DO-SdBNP
Lengua de catalogación spa
Centro/agencia transcriptor BNPHU
082 ## - NÚMERO DE LA CLASIFICACIÓN DECIMAL DEWEY
Número de clasificación 813.4
Número de documento/Ítem H521c
100 1# - ENTRADA PRINCIPAL--NOMBRE DE PERSONA
Nombre de persona Henry, O.,
Forma completa/desarrollada del nombre (William Sydney Porter),
Fechas asociadas al nombre 1862-1910
9 (RLIN) 34102
240 14 - TÍTULO UNIFORME
Título uniforme The complete works of O. Henry.
Lenguaje de la obra Español
245 10 - MENCIÓN DE TÍTULO
Título Aguafuertes norteamericanas /
Mención de responsabilidad, etc. O. Henry ; traducción de Virginia Erhart ; introducción de Jaime Rest.
260 ## - PUBLICACIÓN, DISTRIBUCIÓN, ETC.
Lugar de publicación, distribución, etc. Buenos Aires :
Nombre del editor, distribuidor, etc. Librerías Fausto,
Fecha de publicación, distribución, etc. 1976.
300 ## - DESCRIPCIÓN FÍSICA
Extensión 228, [1] p. ;
Dimensiones 18 cm.
534 ## - NOTA SOBRE LA VERSIÓN ORIGINAL
Frase introductoria Título original en inglés:
Mención de título del original The complete works of O. Henry,
Publicación, distribución, etc. del original Nueva York, 1937
650 #4 - PUNTO DE ACCESO ADICIONAL DE MATERIA--TÉRMINO DE MATERIA
Término de materia o nombre geográfico como elemento de entrada Cuentos estadounidese
9 (RLIN) 34103
650 #4 - PUNTO DE ACCESO ADICIONAL DE MATERIA--TÉRMINO DE MATERIA
Término de materia o nombre geográfico como elemento de entrada Literatura estadounidense
Subdivisión cronológica SIGLO XIX-XX
9 (RLIN) 34104
700 1# - PUNTO DE ACCESO ADICIONAL--NOMBRE DE PERSONA
Nombre de persona Erhart, Virginia,
Término indicativo de función/relación tr.
9 (RLIN) 34105
700 1# - PUNTO DE ACCESO ADICIONAL--NOMBRE DE PERSONA
Nombre de persona Rest, Jaime,
Término indicativo de función/relación introd.
9 (RLIN) 34106
Holdings
Estado de retiro Estado de pérdida Restricciones de uso No para préstamo Código de colección Localización permanente Ubicación/localización actual Ubicación en estantería Fecha de adquisición Número de inventario Total de préstamos Signatura topográfica completa Código de barras Fecha visto por última vez Precio válido a partir de Tipo de ítem Koha Número de copia
    Préstamo interno   Monografías: Libros y Folletos General General En catalogación 29.01.2010 LF1   813.4 H521c 15063-10 25.06.2020 25.06.2020 Préstamo interno  
  Extraviado   Excluido de préstamo Monografías: Libros y Folletos General General Extraviado 11.04.2017 LF1   813.4 H521c 15063-20 25.06.2020 25.06.2020 No se presta e. 2

Powered by Koha